<?xml version="1.0" encoding="UTF-8"?>
<record
    xmlns:xsi="http://www.w3.org/2001/XMLSchema-instance"
    xsi:schemaLocation="http://www.loc.gov/MARC21/slim http://www.loc.gov/standards/marcxml/schema/MARC21slim.xsd"
    xmlns="http://www.loc.gov/MARC21/slim">

  <leader>00535nam a22001817a 4500</leader>
  <controlfield tag="003">BDDh-ASL</controlfield>
  <controlfield tag="005">20231015031021.0</controlfield>
  <controlfield tag="008">220921n        pk ||||| |||| 00| 0 urd d</controlfield>
  <datafield tag="040" ind1=" " ind2=" ">
    <subfield code="a">BDDh-ASL</subfield>
    <subfield code="c">BDDh-ASL</subfield>
  </datafield>
  <datafield tag="041" ind1=" " ind2=" ">
    <subfield code="a">urd</subfield>
  </datafield>
  <datafield tag="082" ind1=" " ind2=" ">
    <subfield code="a">297.61</subfield>
    <subfield code="b">ABK </subfield>
  </datafield>
  <datafield tag="100" ind1="1" ind2=" ">
    <subfield code="9">4986</subfield>
    <subfield code="a">Abbasi, Mahmud Ahmad </subfield>
  </datafield>
  <datafield tag="245" ind1="1" ind2="0">
    <subfield code="a">Khilafat-e Muavia Wa Yazid : / &#x62E;&#x644;&#x627;&#x641;&#x62A; &#x645;&#x639;&#x627;&#x648;&#x6CC;&#x6C1; &#x648; &#x6CC;&#x632;&#x6CC;&#x62F; </subfield>
  </datafield>
  <datafield tag="260" ind1=" " ind2=" ">
    <subfield code="a">Karachi : </subfield>
    <subfield code="b">Writer himself , </subfield>
  </datafield>
  <datafield tag="300" ind1=" " ind2=" ">
    <subfield code="a">376 p. : </subfield>
    <subfield code="c">18 cm. </subfield>
  </datafield>
  <datafield tag="650" ind1=" " ind2="0">
    <subfield code="9">4819</subfield>
    <subfield code="a">Caliphate </subfield>
    <subfield code="x">Islam</subfield>
    <subfield code="x">Khilafat</subfield>
    <subfield code="x">History </subfield>
  </datafield>
  <datafield tag="942" ind1=" " ind2=" ">
    <subfield code="2">ddc</subfield>
    <subfield code="c">BK</subfield>
  </datafield>
  <datafield tag="952" ind1=" " ind2=" ">
    <subfield code="0">0</subfield>
    <subfield code="1">0</subfield>
    <subfield code="2">ddc</subfield>
    <subfield code="4">0</subfield>
    <subfield code="7">1</subfield>
    <subfield code="8">NFIC</subfield>
    <subfield code="a">ASL</subfield>
    <subfield code="b">ASL</subfield>
    <subfield code="c">GEN</subfield>
    <subfield code="d">2022-09-21</subfield>
    <subfield code="e">ASB Collections</subfield>
    <subfield code="h">U-0878</subfield>
    <subfield code="l">0</subfield>
    <subfield code="o">297.61 ABK </subfield>
    <subfield code="p">117496</subfield>
    <subfield code="r">2022-09-21 00:00:00</subfield>
    <subfield code="t">C-1</subfield>
    <subfield code="w">2022-09-21</subfield>
    <subfield code="y">BK</subfield>
    <subfield code="z">Y-0000</subfield>
  </datafield>
  <datafield tag="999" ind1=" " ind2=" ">
    <subfield code="c">29295</subfield>
    <subfield code="d">29295</subfield>
  </datafield>
</record>
